<?xml version="1.0" encoding="UTF-8"?><?xml-stylesheet type="text/xsl" href="static/style.xsl"?><OAI-PMH xmlns="http://www.openarchives.org/OAI/2.0/" xmlns:xsi="http://www.w3.org/2001/XMLSchema-instance" xsi:schemaLocation="http://www.openarchives.org/OAI/2.0/ http://www.openarchives.org/OAI/2.0/OAI-PMH.xsd"><responseDate>2026-06-07T04:53:50Z</responseDate><request verb="GetRecord" identifier="oai:riuma.uma.es:10630/25077" metadataPrefix="marc">https://riuma.uma.es/rest/oai/request</request><GetRecord><record><header><identifier>oai:riuma.uma.es:10630/25077</identifier><datestamp>2026-02-03T10:25:30Z</datestamp><setSpec>com_10630_1685</setSpec><setSpec>col_10630_38055</setSpec></header><metadata><record xmlns="http://www.loc.gov/MARC21/slim" xmlns:dcterms="http://purl.org/dc/terms/" xmlns:doc="http://www.lyncode.com/xoai" xmlns:xsi="http://www.w3.org/2001/XMLSchema-instance" xsi:schemaLocation="http://www.loc.gov/MARC21/slim http://www.loc.gov/standards/marcxml/schema/MARC21slim.xsd">
   <leader>00925njm 22002777a 4500</leader>
   <datafield ind2=" " ind1=" " tag="042">
      <subfield code="a">dc</subfield>
   </datafield>
   <datafield ind2=" " ind1=" " tag="720">
      <subfield code="a">Lara Gutiérrez, Antonio</subfield>
      <subfield code="e">author</subfield>
   </datafield>
   <datafield ind2=" " ind1=" " tag="260">
      <subfield code="c">2022-06</subfield>
   </datafield>
   <datafield ind2=" " ind1=" " tag="520">
      <subfield code="a">Este TFG consiste en la creación de un ecosistema de trazabilidad de acciones&#xd;
de control para el uso en cualquier empresa de mantenimiento o gestor de&#xd;
estaciones de carga de vehículos eléctricos. Este permite implementar y llevar un&#xd;
control sobre todos los reportes enviados por el personal operario de dichas organizaciones,&#xd;
creando para ello un sistema novedoso de recogida y tratamiento&#xd;
de la información mediante una tecnología que nos permite realizar operaciones&#xd;
mucho más complejas que una solución basada en una base de datos convencional.&#xd;
La tecnología empleada para el almacenamiento y visualización de los reportes&#xd;
enviados por los operarios se basa en una red de blockchain o red de cadena&#xd;
de bloques, específicamente, una red de blockchain permisionada, ya que su uso&#xd;
estará limitado a una única organización. El usar una tecnología de este tipo nos&#xd;
permite llevar a cabo operaciones desde una lógica distinta, manteniendo en todo&#xd;
momento un registro inmutable de reportes enviados, así como tener la seguridad&#xd;
de contar con un registro íntegro y protegido ante ataques. Todo ello es posibles&#xd;
gracias al uso de esta tecnología de cadena de bloques, a la que tendremos acceso&#xd;
mediante dos aplicaciones creadas para tal efecto.&#xd;
Estas dos aplicaciones consisten en una aplicación móvil para el sistema operativo&#xd;
Android, y en una aplicación web. La primera de ellas es la encargada de&#xd;
recoger los informes enviados por los operarios de campo para introducirlos en la&#xd;
blockchain, mientras que la segunda de ellas es usada por administradores, y es la&#xd;
encargada de administrar y visualizar toda la información recogida en la red.</subfield>
   </datafield>
   <datafield ind1="8" ind2=" " tag="024">
      <subfield code="a">https://hdl.handle.net/10630/25077</subfield>
   </datafield>
   <datafield tag="653" ind2=" " ind1=" ">
      <subfield code="a">Blockchain</subfield>
   </datafield>
   <datafield tag="653" ind2=" " ind1=" ">
      <subfield code="a">Vehículos eléctricos</subfield>
   </datafield>
   <datafield tag="653" ind2=" " ind1=" ">
      <subfield code="a">Informática - Trabajos Fin de Grado</subfield>
   </datafield>
   <datafield tag="653" ind2=" " ind1=" ">
      <subfield code="a">Grado en Ingeniería Informática - Trabajos Fin de Grado</subfield>
   </datafield>
   <datafield ind2="0" ind1="0" tag="245">
      <subfield code="a">Trazabilidad de acciones de control en estaciones de carga de vehículos eléctricos mediante aplicación móvil y blockchain</subfield>
   </datafield>
</record>
</metadata></record></GetRecord></OAI-PMH>